| 000 | 00323nam a22001217a 4500 | ||
|---|---|---|---|
| 008 | 180514b xxu||||| |||| 00| 0 eng d | ||
| 041 | _aeng | ||
| 080 | _a043.3 | ||
| 100 | _a0 | ||
| 101 | _aMBE-BA | ||
| 245 |
_aProject Management Methodology and Project Life Cycle Focus in Projects in Kosova _cArifi, L |
||
| 942 |
_2udc _cBK |
||
| 999 |
_c45767 _d45767 |
||